Charakteristika postavení ČSSR ve vědeckotechnickém rozvoji a strojírenství ve srovnání s průmyslově vyspělými zeměmi

Na minha lista:
Detalhes bibliográficos
Formato: Livro
Idioma:tcheco
Publicado em: Praha Ústředí vědeckých, technických a ekonomických informací 1989
Tags: Adicionar Tag
Sem tags, seja o primeiro a adicionar uma tag!

MARC

LEADER 00000nam a2200000 4500
001 c037659
005 20251111094839.3
041 0 |a cze 
044 |a CZ 
245 1 0 |a Charakteristika postavení ČSSR ve vědeckotechnickém rozvoji a strojírenství ve srovnání s průmyslově vyspělými zeměmi 
264 1 |a Praha  |b Ústředí vědeckých, technických a ekonomických informací  |c 1989 
300 |a 23 s.